|
|
|
|
| LEADER |
01216nam a2200313 a 4500 |
| 001 |
37764 |
| 003 |
BD-DhAAL |
| 005 |
20220216154211.0 |
| 008 |
220216t1995 nyua b 001 0 eng |
| 999 |
|
|
|c 43524
|d 43524
|
| 010 |
|
|
|a 94007636
|
| 020 |
|
|
|a 007048760X (alk. paper)
|
| 020 |
|
|
|a 9780070487604
|
| 040 |
|
|
|a DLC
|c DLC
|d DLC
|d BD-DhAAL
|
| 050 |
0 |
0 |
|a BF713
|b .P35 1995
|
| 082 |
0 |
0 |
|a 155
|2 23
|
| 100 |
1 |
|
|a Papalia, Diane E.
|9 45851
|
| 245 |
1 |
0 |
|a Human development /
|c Diane E. Papalia, Sally Wendkos Olds.
|
| 250 |
|
|
|a Sixth edition
|
| 260 |
|
|
|a New York :
|b McGraw-Hill,
|c c1995.
|
| 300 |
|
|
|a xxxii, 697 pages :
|b illustrations (some col.) ;
|c 29 cm.
|
| 504 |
|
|
|a Includes bibliographical references (p. [627]-672) and indexes.
|
| 541 |
|
|
|a Complimentary copy from BIED
|e 37764
|
| 650 |
|
0 |
|a Developmental psychology.
|9 45852
|
| 650 |
|
0 |
|a Developmental psychobiology.
|9 45853
|
| 700 |
1 |
|
|a Olds, Sally Wendkos.
|9 45854
|
| 852 |
|
|
|a Ayesha Abed Library
|c BIED Collection
|
| 942 |
|
|
|2 ddc
|c BK
|
| 952 |
|
|
|0 0
|1 0
|2 ddc
|4 0
|6 155_000000000000000_PAP
|7 0
|9 69820
|a BRACUL
|b BRACUL
|c GEN
|d 2022-02-16
|e Complimentary copy from BIED
|l 0
|o 155 PAP
|p 3010037764
|r 2022-02-16
|t 1
|w 2022-02-16
|y BK
|x Transferred from BIED to General Stacks
|